| 000 | 00484nam a2200169Ia 4500 | ||
|---|---|---|---|
| 999 |
_c19146 _d19146 |
||
| 003 | OSt | ||
| 005 | 20200626121155.0 | ||
| 008 | 190216s9999||||xx |||||||||||||| ||und|| | ||
| 040 | _coclc | ||
| 082 |
_a954.83 _bNAI/V |
||
| 100 |
_aNair, V Bhaskaran _93268 |
||
| 245 | 0 |
_aVenad Viseshangal / _cV Bhaskaran Nair |
|
| 260 |
_bCharithram Publications, _aTrivandrum: _c1980. |
||
| 300 | _a96p | ||
| 650 | _aHistory | ||
| 942 |
_cBK _2ddc _h954.83 _iNAI/V _k954.83 _mNAI/V |
||